International migration within, to and from Africa in a globalized world (Record no. 218853)
[ view plain ]
| 000 -LEADER | |
|---|---|
| fixed length control field | 01187nam a2200301Ia 4500 |
| 245 00 - TITLE STATEMENT | |
| Title | International migration within, to and from Africa in a globalized world |
| 260 ## - PUBLICATION, DISTRIBUTION, ETC. (IMPRINT) | |
| Place of publication | Ghana : |
| Name of publisher | Sub-Saharan Publishers, |
| Year of publication | 2010. |
| 300 ## - PHYSICAL DESCRIPTION | |
| Number of Pages | 261 p. |
| 650 #0 - SUBJECT ADDED ENTRY--TOPICAL TERM | |
| Topical Term | Emigration and immigration. |
| Topical Term | Return migration |
| Topical Term | Migration, Internal |
| 700 1# - ADDED ENTRY--PERSONAL NAME | |
| Personal name | Adepoju, Aderanti. |
| 856 40 - ELECTRONIC LOCATION AND ACCESS | |
| Uniform Resource Identifier | http://site.ebrary.com/lib/rucke/Doc?id=10365020 |
No items available.
